000 00653nam a2200253Ia 4500
003 OSt
005 20220918201323.0
006 a|||||r|||| 00| 0
007 ta
008 220917b |||||||| |||| 00| 0 eng d
024 _a93,109
037 _cTextual
040 _aARTS
_cARTS
_beng
041 _2eng
_aeng
082 _aV2y7J23, L9
100 _aDas Kumudranjan
_998113
245 0 _aRaja Todar Mal
260 _aCalcutta
_bSaraswati Library India
_c1979
300 _axxi,325p.
_ccm.
500 _aBib 296-316p
650 _aHISTORY
942 _hV2y7J23, L9
_cTEXL
_2CC
999 _c216757
_d216757